00514nam a2200157Ia 4500003000900000008004100009020001800050040001600068080001700084100002300101245010900124260004800233300001000281650004100291650002400332IN-BaIIA211028s9999 xx 000 0 eng d a0-521-24194-4 cIIA Library a52(035)bZOM aZombeck, Martin V. 0aHandbook of space astronomy and astrophysicscMartin V. Zombeck  aCambridgebCambridge University Pressc1982 a326p. aAstronomy and astrophysics thesaurus aAstronomy-handbooks